000 00646nam a2200217Ia 4500
003 OSt
005 20230410152520.0
008 210423s2009 xx 000 0 und d
020 _a978-0-521-09238-8
040 _cAL
041 _aeng
082 _a821.009
_223
_bBENF
100 _aBENNETT (Joan)
_985583
245 _aFive metaphysical poets: Donne Herbert Vaughan Crashaw Marvell
260 _aUK
_bCambridge University Press
_c2009
300 _axi,151
_bPB
365 _b4449
_cINR
650 _aEnglish Poetry
_985584
906 _acrashaw ; Five ; herbert ; marvell ; metaphysical ; poets ; poets:donne ; vaughan
942 _2ddc
_cBK
999 _c169577
_d169577